[Event "Budapest Karacsonyi op 6th"]
[Site "Budapest"]
[Date "2014.12.29"]
[Round "4"]
[White "Molnar, Laszlo4444"]
[Black "Orfei, Rolando"]
[Result "1-0"]
[WhiteElo "2070"]
[BlackElo "1944"]
[PlyCount "57"]
[EventDate "2014.12.27"]
[EventType "swiss"]
[EventRounds "7"]
[EventCountry "HUN"]
[SourceTitle "EXT 2020"]
[Source "ChessBase"]
[SourceDate "2019.10.17"]
[SourceVersion "1"]
[SourceVersionDate "2019.10.17"]
[SourceQuality "1"]

1. e4 c6 2. d4 d5 3. Nc3 dxe4 4. Nxe4 Bf5 5. Ng3 Bg6 6. Bc4 e6 7. N1e2 h6 8. 0-0 Nf6 9. f4 Qa5 10. Bd2 Bb4 11. c3 Bd6 12. b4 Qc7 13. f5 exf5 14. Nxf5 Bxf5 15. Rxf5 Bxh2+ 16. Kh1 Bd6 17. Qe1 Nbd7 18. Nf4+ Kf8 19. Qh4 Rh7 20. Qf2 b5 21. Bb3 g6 22. Nxg6+ fxg6 23. Rxf6+ Nxf6 24. Qxf6+ Rf7 25. Bxf7 Qxf7 26. Qxd6+ Kg7 27. Re1 Re8 28. Rxe8 Qxe8 29. Qe5+ 1-0

[Event "Budapest Art Pub Cup 3rd"]
[Site "Budapest"]
[Date "2014.01.04"]
[Round "5"]
[White "Orfei, Rolando"]
[Black "Nemeth, Miklos"]
[Result "0-1"]
[WhiteElo "1958"]
[BlackElo "2082"]
[PlyCount "72"]
[EventDate "2014.01.02"]
[EventType "swiss"]
[EventRounds "7"]
[EventCountry "HUN"]
[SourceTitle "CBM 158 Extra"]
[Source "ChessBase"]
[SourceDate "2014.02.28"]
[SourceVersion "1"]
[SourceVersionDate "2014.02.28"]
[SourceQuality "1"]

1. e4 e6 2. d4 d5 3. Nd2 c5 4. exd5 Qxd5 5. Ngf3 cxd4 6. Bc4 Qd6 7. 0-0 Nf6 8. Nb3 Nc6 9. Nbxd4 Nxd4 10. Nxd4 a6 11. c3 Bd7 12. Qf3 Qc7 13. Bb3 Bd6 14. h3 0-0-0 15. Be3 Kb8 16. a4 e5 17. Nb5 axb5 18. axb5 Bc5 19. Bxc5 Qxc5 20. Ra5 Be6 21. Bxe6 fxe6 22. Rfa1 Kc7 23. b4 Qd6 24. Ra7 Rb8 25. R1a6 Qd5 26. Qg3 Rhg8 27. c4 Qd1+ 28. Kh2 Qd4 29. Kg1 Kd7 30. c5 Ke7 31. Rd6 Qe4 32. Ra3 Qf4 33. Qd3 Ra8 34. Rxa8 Rxa8 35. g3 Qxb4 36. Kh2 Qxc5 0-1

[Event "Budapest FS10 FM-A"]
[Site "Budapest"]
[Date "2007.10.11"]
[Round "6"]
[White "Bozinovic, Boban"]
[Black "Orfei, Rolando"]
[Result "1/2-1/2"]
[WhiteElo "2144"]
[BlackElo "2058"]
[PlyCount "103"]
[EventDate "2007.10.06"]
[EventType "tourn"]
[EventRounds "11"]
[EventCountry "HUN"]
[SourceTitle "CBM 120 Extra"]
[Source "ChessBase"]
[SourceDate "2007.11.01"]
[SourceVersion "1"]
[SourceVersionDate "2007.11.01"]
[SourceQuality "1"]

1. e4 e6 2. d4 d5 3. Nc3 Bb4 4. e5 Qd7 5. f4 b6 6. Nf3 Ba6 7. Bxa6 Nxa6 8. Qd3 Nb8 9. 0-0 Nc6 10. Bd2 h5 11. Rae1 Nh6 12. Ne2 Be7 13. Ng5 Nf5 14. c3 Na5 15. Ng3 g6 16. Nxf5 gxf5 17. b3 Bxg5 18. fxg5 Nc6 19. Re3 Ne7 20. Rh3 Ng6 21. Qf3 h4 22. g4 fxg4 23. Qxg4 0-0-0 24. Rf6 Rh7 25. Rhf3 Rdh8 26. h3 Kd8 27. Rxg6 fxg6 28. Rf6 Rg8 29. Qxe6 Qxe6 30. Rxe6 Rf7 31. Kg2 Kd7 32. Rf6 Rxf6 33. gxf6 Ke6 34. Kf3 Kf5 35. Bh6 Ke6 36. Kg4 Kf7 37. c4 c6 38. Bg5 Rh8 39. Bxh4 Rh5 40. Bg5 a6 41. cxd5 cxd5 42. h4 Ke6 43. a4 b5 44. axb5 axb5 45. Kf3 Rh8 46. Ke2 Rc8 47. Kd3 Rc6 48. Bd2 Rc8 49. Bb4 Rh8 50. Be1 Rc8 51. Bb4 Rh8 52. Be1 1/2-1/2

[Event "Budapest FS10 FM-A"]
[Site "Budapest"]
[Date "2007.10.08"]
[Round "3"]
[White "Lorand, Norbert"]
[Black "Orfei, Rolando"]
[Result "1-0"]
[WhiteElo "2166"]
[BlackElo "2058"]
[PlyCount "75"]
[EventDate "2007.10.06"]
[EventType "tourn"]
[EventRounds "11"]
[EventCountry "HUN"]
[SourceTitle "CBM 120 Extra"]
[Source "ChessBase"]
[SourceDate "2007.11.01"]
[SourceVersion "1"]
[SourceVersionDate "2007.11.01"]
[SourceQuality "1"]

1. e4 c6 2. d4 d5 3. Nc3 dxe4 4. Nxe4 Bf5 5. Ng3 Bg6 6. h4 h6 7. Nf3 Nd7 8. h5 Bh7 9. Bd3 Bxd3 10. Qxd3 e6 11. Bd2 Qc7 12. 0-0-0 0-0-0 13. Ne4 Ngf6 14. g3 Ng4 15. Qe2 Ndf6 16. Nxf6 gxf6 17. c4 c5 18. Bc3 Rg8 19. Rd2 cxd4 20. Nxd4 Bc5 21. Rhd1 Qb6 22. Nb3 Rxd2 23. Qxd2 Bxf2 24. Qd7+ Kb8 25. Qxf7 Rc8 26. Kb1 Rd8 27. Rc1 Qd6 28. Ka1 b6 29. Qg7 f5 30. Bd2 Bxg3 31. c5 Qd7 32. Qc3 Be5 33. Qb4 Qg7 34. Kb1 Rc8 35. cxb6 Rxc1+ 36. Bxc1 Qb7 37. Nc5 Bd6 38. bxa7+ 1-0

[Event "Budapest FS10 FM-A"]
[Site "Budapest"]
[Date "2007.10.07"]
[Round "2"]
[White "Orfei, Rolando"]
[Black "Lakat, Gyula"]
[Result "0-1"]
[WhiteElo "2058"]
[BlackElo "1938"]
[PlyCount "66"]
[EventDate "2007.10.06"]
[EventType "tourn"]
[EventRounds "11"]
[EventCountry "HUN"]
[SourceTitle "CBM 120 Extra"]
[Source "ChessBase"]
[SourceDate "2007.11.01"]
[SourceVersion "1"]
[SourceVersionDate "2007.11.01"]
[SourceQuality "1"]

1. b3 d5 2. Bb2 Bf5 3. e3 e6 4. Nf3 Nd7 5. Be2 h6 6. c4 Ngf6 7. 0-0 Bd6 8. d4 c6 9. Nc3 0-0 10. Rc1 Ne4 11. h3 Rc8 12. cxd5 exd5 13. Bd3 Re8 14. Qe2 Re6 15. Qc2 Rc7 16. Rfd1 h5 17. Ne5 Nxe5 18. Bxe4 Nf3+ 19. gxf3 dxe4 20. Nxe4 Bxh3 21. Ng3 h4 22. Ne4 Rxe4 23. f4 Rce7 24. Kh2 Bf5 25. Qc3 f6 26. Rg1 Kh7 27. Rce1 Bc8 28. f3 Qd7 29. Rg4 g5 30. d5 Bxf4+ 31. Rxf4 Qh3+ 32. Kg1 Qg3+ 33. Kh1 Rxf4 0-1

[Event "Budapest FS12 Elo-B"]
[Site "Budapest"]
[Date "2006.12.13"]
[Round "12"]
[White "Merenyi, Tamas"]
[Black "Orfei, Rolando"]
[Result "0-1"]
[WhiteElo "1854"]
[BlackElo "2059"]
[PlyCount "46"]
[EventDate "2006.12.02"]
[EventType "tourn"]
[EventRounds "13"]
[EventCountry "HUN"]
[SourceTitle "CBM 115 Extra"]
[Source "ChessBase"]
[SourceDate "2007.01.10"]
[SourceVersion "1"]
[SourceVersionDate "2007.01.10"]
[SourceQuality "1"]

1. e4 e5 2. Nc3 Nf6 3. f4 d6 4. Nf3 Nbd7 5. Bc4 Be7 6. 0-0 0-0 7. d4 exd4 8. Nxd4 Nc5 9. Qe1 c6 10. a3 d5 11. exd5 cxd5 12. Ba2 Nce4 13. Kh1 Bc5 14. Nb3 Bb6 15. Nxe4 dxe4 16. Be3 Be6 17. Rd1 Qc7 18. Bb1 Bc4 19. Rg1 Bxb3 20. cxb3 Ng4 21. Rc1 Qxc1 22. Bxc1 Nf2+ 23. Qxf2 Bxf2 0-1

[Event "Cattolica op"]
[Site "Cattolica"]
[Date "2005.06.16"]
[Round "6"]
[White "Orfei, Rolando"]
[Black "Magalotti, Andrea"]
[Result "1-0"]
[WhiteElo "1943"]
[BlackElo "2169"]
[PlyCount "67"]
[EventDate "2005.06.11"]
[EventType "swiss"]
[EventRounds "9"]
[EventCountry "ITA"]
[SourceTitle "EXT 2007"]
[Source "ChessBase"]
[SourceDate "2006.11.23"]
[SourceVersion "1"]
[SourceVersionDate "2006.11.23"]
[SourceQuality "1"]

1. b3 d5 2. Bb2 c5 3. e3 Nc6 4. f4 Nf6 5. Nf3 Bg4 6. h3 Bxf3 7. Qxf3 Qd6 8. Bb5 Nd7 9. 0-0 e6 10. Na3 f6 11. c4 a6 12. cxd5 exd5 13. Bxc6 Qxc6 14. Rac1 Kf7 15. Nc2 Qe6 16. f5 Qd6 17. Qh5+ Kg8 18. d4 b6 19. Qf3 Rd8 20. Rfe1 Nb8 21. e4 dxe4 22. Qxe4 Nc6 23. dxc5 Qd5 24. cxb6 Bc5+ 25. Kh1 Kf7 26. Qxd5+ Rxd5 27. Re6 Ne7 28. g4 Rhd8 29. b7 Rd1+ 30. Rxd1 Rxd1+ 31. Re1 Rd8 32. Ba3 Bxa3 33. Nxa3 Rb8 34. Nc4 1-0